Lost Provinces Quiz Stats

 Plays Quiz not verified by Sporcle

Also try: shrunken countries
Challenge
Share
Tweet
Embed
Score 0/20 Timer 05:00
0 Plays Today
Province Country % Correct
AlaskaRussia
94.6%
Alta CaliforniaMexico
91.1%
SinaiIsrael
87.5%
PanamaColombia
87.5%
West BankJordan
85.7%
MontenegroSerbia
85.7%
AbkhaziaGeorgia
83.9%
Congo Free StateBelgium
83.9%
TransnistriaMoldova
78.6%
South SakhalinJapan
76.8%
Province Country % Correct
GoaPortugal
76.8%
PosenGermany
71.4%
Southern DobrujaRomania
42.9%
CarniolaAustria
42.9%
AntofagastaBolivia
37.5%
Menton and RoquebruneMonaco
35.7%
HataySyria
32.1%
GwadarOman
30.4%
RunUnited Kingdom
25%
VeltlinSwitzerland
23.2%

You're not logged in!

Compare scores with friends on all Sporcle quizzes.
Join for Free
OR
Log In

You Might Also Like...

Show Comments

Extras

Top Quizzes Today


Score Distribution

Your Account Isn't Verified!

In order to create a playlist on Sporcle, you need to verify the email address you used during registration. Go to your Sporcle Settings to finish the process.

Report this User

Report this user for behavior that violates our Community Guidelines.

Details: